| 000 | 00550nam a2200181Ia 4500 | ||
|---|---|---|---|
| 999 |
_c34517 _d34517 |
||
| 003 | OSt | ||
| 005 | 20200918100345.0 | ||
| 008 | 190216s9999||||xx |||||||||||||| ||und|| | ||
| 020 | _a9781259007323 | ||
| 040 | _coclc | ||
| 082 |
_a620.5 _bPRA/T |
||
| 100 |
_aPradeep, T _94254 |
||
| 245 | 2 |
_aA Textbook Of Nanoscience And Nanotechnology / _cT Pradeep |
|
| 260 |
_bTata Mcgraw-Hill Education Private Limited, _c2012. _aNew Delhi: |
||
| 300 | _a949p | ||
| 650 | _aNanotechnology | ||
| 942 |
_cBK _2ddc _h620.5 _iPRA/T _k620.5 _mPRA/T |
||